000
00311nam a2200121Ia 4500
008
210428s9999 xx 000 0 und d
082
_a
662.2 C683 U
100
_a
Robert H.Cole
_9
52224
245
0
_a
Under Water Explosions
260
_b
Dover Publications,Inc
_a
New York
_c
1948
300
_a
437p.
942
_c
BK
999
_c
559999
_d
559999